Egyptian and imported pottery from the Red Sea port of Mersa Gawsis, Egypt /

محفوظ في:

المؤلف الرئيسي: Wallace-Jones, Sally (مؤلف)

التنسيق: كتاب

اللغة: English

منشور في: Oxford : Archaeopress Publishing Ltd, [2018].

سلاسل: Archaeopress Egyptology ; 20.
ArchEgy ; 20.

الموضوعات:

الوسوم: إضافة وسم

لا توجد وسوم, كن أول من يضع وسما على هذه التسجيلة!

رقم الطلب: DT57 .A7 v.20

LEADER 00959namaa2200265 4500
003 OSt
005 20260331081618.0
008 130303s2018 enkab 000 0 eng d
020 |a 9781784919030 
040 |c ARCE Library 
050 4 |a DT57 .A7 v.20 
100 1 |a Wallace-Jones, Sally,  |e author 
245 1 0 |a Egyptian and imported pottery from the Red Sea port of Mersa Gawsis, Egypt /  |c Sally Wallace-Jones ; with contributions by Andrea Manzo, Mary Ownby and Karin Kopetzky. 
264 1 |a Oxford :   |b Archaeopress Publishing Ltd,   |c [2018]. 
300 |a viii, 183 pages :  |b illustrations (some color), map ;   |c 29 cm. 
490 1 |a Archaeopress Egyptology ;  |v 20. 
490 1 |a ArchEgy ;   |v 20. 
650 0 |a Excavations (Archaeology)  |z Egypt  |z Red Sea Coast.  
650 0 |a Pottery  |z Egypt. 
651 0 |a Mersa Gawasis Site (Egypt) 
830 0 |a Archaeopress Egyptology ;  |v 20. 
830 0 |a ArchEgy ;   |v 20. 
901 |a reviewed 
942 |c BK  |2 lcc 
999 |c 763  |d 763